La dominación ideológica de la iglesia en sus organizaciones laborales: caso de Hermandades del Trabajo /

Gespeichert in:
Bibliographische Detailangaben
1. Verfasser: Campos Guadamuz, Alvaro
Weitere Verfasser: Cubillo Mora, Mayela, Guillén García, Mario, Meléndez Arias, Luis Carlos, Navarro Rojas, Orlando, Sancho Rojas, Rita
Format: Text
Veröffentlicht: San Pedro de M. de O. :
Tags: Tag hinzufügen
Keine Tags, Fügen Sie den ersten Tag hinzu!

MARC

LEADER 00000 a a2200000 04500
001 15700
003
040
090 |a 014400  
100 |a Campos Guadamuz, Alvaro  
245 |a La dominación ideológica de la iglesia en sus organizaciones laborales: caso de Hermandades del Trabajo /  |c Alvaro Campos Guadamuz 
260 |a San Pedro de M. de O. :  
300 |a 107 p.  
700 |a Cubillo Mora, Mayela  
700 |a Guillén García, Mario  
700 |a Meléndez Arias, Luis Carlos  
700 |a Navarro Rojas, Orlando  
700 |a Sancho Rojas, Rita  
999 |c 8794  |d 8794